000 00538cam a2200181 4500
001 J100515
008 000000n1998 000 0 eng u
035 _a(Sirsi) u100187
041 _aENG
050 _a692.8
110 _aJoint Contracts Tribunal
_93664
245 _aStandard form of building contract 1998 edition. Private with approximate quantities.
260 _aLondon
_bRIBA Publications
_c1998
300 _a96p. ; 30cm.
650 _aJCT STANDARD FORM OF BUILDING CONTRACT 1998
690 _aContracts
_96232
942 _n0
999 _c99631
_d99631